| 000 | 00594nam a2200193 i 4500 | ||
|---|---|---|---|
| 001 | 99274 | ||
| 003 | ES-MaACL | ||
| 005 | 20250626063151.0 | ||
| 007 | t| | ||
| 008 | 050906s1984 sp ||||1| spa d | ||
| 100 | 1 |
_aMartín González, Juan José, _d1923-2009 _977514 |
|
| 245 | 1 | 3 |
_aEl artista en la sociedad española del siglo XVII / _cJuan José Martín González. |
| 260 |
_aMadrid : _bCátedra, _c1984. |
||
| 300 |
_a302 p. : _bil. ; _c21 cm. |
||
| 490 | 1 | _aEnsayos arte | |
| 830 | 0 |
_aEnsayos arte _9178883 |
|
| 852 |
_aES-MaACL _jL-7141 _bR.107746 |
||
| 999 |
_c99274 _d99274 |
||